00940nam a22002297a 4500999001700000005001700017010002700034020002600061035001300087035001400100037001300114082001100127100001700138245007900155260004200234270007900276300002100355500005000376942002500426952012400451952013500575 c88827d8882720221222112554.0 aENG-110911 ENG-135923 a9788192958231c620.00 aEN-94443 aEN-119455 bDBAD/PUB a155.25 aShukla, Usha aPersonality development :bmodern methods and techniques /cby Usha Shukla aNew DelhibGyan Geeta Prakashanc2014 aF-7, Gali no. 1, Panchsheel Garden Ext. Naveen ShahdarabNew Delhie110032 a312p. c23cm(Hb) aIncludes bibliographical references and index 2ddccENmSHUh155.25 001040718NFICaDBADbDBADd2014-09-19eDBAD/PUBg620.00l0o155.25 SHUpEN-94443r2014-09-19 00:00:00t1v620.00yEN 001040708NFICaBNbBNd2022-12-22eDBAD/PUBg1100.00l0o155.25 SHUpEN-119455r2022-12-22 00:00:00t1v1100.00w2022-12-22yEN